Computers : (Record no. 4343)
[ view plain ]
| 000 -LEADER | |
|---|---|
| fixed length control field | 00894nac a22002291u 4500 |
| 010 ## - LIBRARY OF CONGRESS CONTROL NUMBER | |
| LC control number | 2001036123 |
| 020 ## - INTERNATIONAL STANDARD BOOK NUMBER | |
| International Standard Book Number | 0130919543 (pbk.) |
| 082 00 - DEWEY DECIMAL CLASSIFICATION NUMBER | |
| Classification number | 004 |
| Item number | C254 |
| 090 ## - LOCALLY ASSIGNED LC-TYPE CALL NUMBER (OCLC); LOCAL CALL NUMBER (OCLC) | |
| -- | 4343 |
| -- | 4343 |
| 100 ## - MAIN ENTRY--PERSONAL NAME | |
| Personal name | Capron, H. L. |
| 245 10 - TITLE STATEMENT | |
| Title | Computers : |
| Remainder of title | tools for an information age / |
| Statement of responsibility, etc | H.L. Capron, J.A. Johnson. |
| 250 ## - EDITION STATEMENT | |
| Edition statement | 7th ed. |
| 260 ## - PUBLICATION, DISTRIBUTION, ETC. (IMPRINT) | |
| Place of publication, distribution, etc | Upper Saddle River, N.J. : |
| Name of publisher, distributor, etc | Prentice Hall,2002 |
| Date of publication, distribution, etc | c2002. |
| 300 ## - PHYSICAL DESCRIPTION | |
| Extent | 1 v. (various pagings) : |
| Other physical details | ill. (some col.), col. map ; |
| Dimensions | 28 cm.+ |
| Accompanying material | 1CD-ROM(4 3/4 in.) |
| 500 ## - GENERAL NOTE | |
| General note | Includes index. |
| 650 #0 - SUBJECT ADDED ENTRY--TOPICAL TERM | |
| Topical term or geographic name as entry element | Computers. |
| 650 #0 - SUBJECT ADDED ENTRY--TOPICAL TERM | |
| Topical term or geographic name as entry element | Microcomputers. |
| 700 1# - ADDED ENTRY--PERSONAL NAME | |
| Personal name | Johnson, J. A. |
| Fuller form of name | (James A.) |
| 942 ## - ADDED ENTRY ELEMENTS (KOHA) | |
| Item type | Book - Borrowing |
| Call number prefix | 004C254 |
| Withdrawn status | Item status | Damaged status | Not for loan | Home library | Current library | Shelving location | Date acquired | Source of acquisition | Total Checkouts | Full call number | Barcode | Date last seen | Koha item type | Source of classification or shelving scheme | Vendor |
|---|---|---|---|---|---|---|---|---|---|---|---|---|---|---|---|
| Central Library | Central Library | Lower Floor | 04/09/2007 | Purchase | 004 CAP | 000000215 | 15/07/2025 | Book - Borrowing | |||||||
| Central Library | Central Library | Lower Floor | 04/11/2010 | 004 CAP | 000022505 | 24/08/2022 | CD | DVD - With book | Dewey Decimal Classification |